Library of the University of Algiers 3
Ibrahim Sultan Cheibout
شعار جامعة الجزائر 3
مكتبة جامعة الجزائر 3
إبراهيم سلطان شيبوط

الإعلام الآلي 1 : (رقم التسجيلة. 41371)

تفاصيل مارك
000 -LEADER
fixed length control field 01307nam a2200241Ia 4500
003 - CONTROL NUMBER IDENTIFIER
control field Ost
005 - DATE AND TIME OF LATEST TRANSACTION
control field 20260416102400.0
008 - FIXED-LENGTH DATA ELEMENTS--GENERAL INFORMATION
fixed length control field 260416s9999||||xx |||||||||||||| ||und||
040 ## - CATALOGING SOURCE
Transcribing agency fsecg
041 ## - LANGUAGE CODE
Language code of text/sound track or separate title ara
082 ## - DEWEY DECIMAL CLASSIFICATION NUMBER
Classification number 1.64
100 ## - MAIN ENTRY--PERSONAL NAME
Personal name بعوني، ليلي
Relator term مؤلف
245 #0 - TITLE STATEMENT
Title الإعلام الآلي 1 :
Remainder of title السنة الاولى جذع مشترك ليسانس /
Statement of responsibility, etc. ليلي بعوني
260 ## - PUBLICATION, DISTRIBUTION, ETC.
Place of publication, distribution, etc. الجزائر
Name of publisher, distributor, etc. جامعة الجزائر3: كلية العلوم الإقتصادية، العلوم التجارية وعلوم التسيير
Date of publication, distribution, etc. 2022
300 ## - PHYSICAL DESCRIPTION
Extent 134 ورقة
Other physical details ايضاحات
504 ## - BIBLIOGRAPHY, ETC. NOTE
Bibliography, etc. note المراجع ص.133
520 ## - SUMMARY, ETC.
Summary, etc. مفاهيم أساسية حول الحاسوب ، القسم المادي للحاسوب (العتاد) ، القسم البرمجي (البرمجيات) ،أنظمة التشغيل ، برامج التطبيقات المساعدة ، الشبكات و الانترنت و تطبيقاتها، أنظمة العد.
653 ## - INDEX TERM--UNCONTROLLED
Uncontrolled term اختزان واسترجاع المعلومات
653 ## - INDEX TERM--UNCONTROLLED
Uncontrolled term البرمجة الآلية
653 ## - INDEX TERM--UNCONTROLLED
Uncontrolled term الحواسيب
710 ## - ADDED ENTRY--CORPORATE NAME
Corporate name or jurisdiction name as entry element جامعة الجزائر3: كلية العلوم الإقتصادية، العلوم التجارية وعلوم التسيير
Relator term ناشر علمي
942 ## - ADDED ENTRY ELEMENTS (KOHA)
Koha item type مطبوعات
المقتنيات
Withdrawn status Lost status Source of classification or shelving scheme Damaged status Not for loan Home library Current library Date acquired Serial enumeration / chronology Inventory number Total checkouts Full call number Barcode Date last seen Price effective from Koha item type
    Dewey Decimal Classification   NOT LOAN / إعارة داخلية مكتبة كلية العلوم الإقتصادية والعلوم التجارية وعلوم التسيير مكتبة كلية العلوم الإقتصادية والعلوم التجارية وعلوم التسيير 16/04/2026 الطابق الثاني مط.1/656-1   مط.1/656 ن1 مط.1/656-1 16/04/2026 16/04/2026 مطبوعات

موارد الويب المفتوحة


© University of Algiers 3 All Rights Reserved
|
Implemented by LECHELAH Riad